| 000 | 00545 a2200181 4500 | ||
|---|---|---|---|
| 003 | OSt | ||
| 005 | 20231215092524.0 | ||
| 008 | 231214b |||||||| |||| 00| 0 eng d | ||
| 020 | _a9789390681037 | ||
| 040 | _coclc | ||
| 082 |
_a894.812 _bRAJ/K |
||
| 100 |
_aRajarajavarma, A R _97267 |
||
| 245 |
_aKeralapanineeyam / _cA.R. Raja Raja Varma |
||
| 250 | _a30th ed. | ||
| 260 |
_aKottayam: _bSahithya Pravarthaka Co-operative Society Ltd., _c2022. |
||
| 300 | _a364p. | ||
| 942 |
_2ddc _cBK _h894.812 _iRAJ/K _k894.812 _mRAJ/K |
||
| 999 |
_c44135 _d44135 |
||